000 00531nam a22001937a 4500
003 LK-CoMWRAF
005 20231114185351.0
008 231114b |||||||| |||| 00| 0 eng d
040 _aLK-CoMWRAF
_dLK-CoMWRAF
_eLK-CoMWRAF
041 _aeng
082 _a823
_bNAR
100 _aNarayan, R. K.
245 _aWaiting for the Mahatma
260 _aLansing :
_bMichigan state University press,
_c1955
300 _a241 p. illus. 22 cm.
650 _aGandhi, Mahatma, 1869-1948
650 _aEnglish Fiction--Indian
942 _cBK
999 _c4076
_d4076